IBM SPSS STATISTICS 23 STEP BY STEP A SI (Record no. 31444)
[ view plain ]
| 000 -LEADER | |
|---|---|
| fixed length control field | 00354nam a2200145Ia 4500 |
| 008 - FIXED-LENGTH DATA ELEMENTS--GENERAL INFORMATION | |
| fixed length control field | 240624s9999 xx 000 0 und d |
| 041 ## - LANGUAGE CODE | |
| Language code of text/sound track or separate title | eng |
| 082 ## - DEWEY DECIMAL CLASSIFICATION NUMBER | |
| Classification number | 300.285 GEO |
| 100 ## - MAIN ENTRY--PERSONAL NAME | |
| Personal name | GEORGE DARREN |
| 245 ## - TITLE STATEMENT | |
| Title | IBM SPSS STATISTICS 23 STEP BY STEP A SI |
| 250 ## - EDITION STATEMENT | |
| Edition statement | (14th ed.) |
| 260 ## - PUBLICATION, DISTRIBUTION, ETC. | |
| Place of publication, distribution, etc. | New Delhi |
| Name of publisher, distributor, etc. | Routledge |
| 300 ## - PHYSICAL DESCRIPTION | |
| Extent | 386 p. |
| 365 ## - TRADE PRICE | |
| Currency code | RS |
| Price amount | 31 |
| Withdrawn status | Lost status | Damaged status | Not for loan | Home library | Current library | Shelving location | Date acquired | Full call number | Barcode | Date last seen | Copy number | Price effective from | Koha item type |
|---|---|---|---|---|---|---|---|---|---|---|---|---|---|
| IMTN | IMTN | Rack 4-A | 03/29/2019 | 300.285 GEO | 31444 | 06/24/2024 | 1 | 06/24/2024 | Books |